| Tag |
First Indicator |
Second Indicator |
Subfields |
| LEADER |
00000cam a22000001 4500 |
| 001 |
in00000040210 |
| 005 |
20151007072352.0 |
| 008 |
730222s1948 enkbc b 00000 eng |
| 010 |
|
|
|a 49019763
|
| 035 |
|
|
|a (OCoLC)00400340
|
| 035 |
|
|
|9 AAE7751AM
|
| 040 |
|
|
|a DLC
|c DLC
|d TXA
|d UtOrBLW
|
| 043 |
|
|
|a e-au---
|
| 049 |
|
|
|a TXAM
|c 1 [187237], 2 [909623], 3 [1115440]
|
| 050 |
0 |
0 |
|a DB80
|b .T382
|
| 082 |
0 |
|
|a 943.6
|
| 100 |
1 |
|
|a Taylor, A. J. P.
|q (Alan John Percivale),
|d 1906-1990.
|
| 245 |
1 |
4 |
|a The Habsburg monarchy, 1809-1918 ;
|b a history of the Austrian Empire and Austria-Hungary.
|
| 250 |
|
|
|a New ed.
|
| 264 |
|
1 |
|a London :
|b H. Hamilton,
|c [1948]
|
| 300 |
|
|
|a 279 pages :
|b portraits, maps (on lining-papers) ;
|c 22 cm.
|
| 336 |
|
|
|a text
|b txt
|2 rdacontent
|
| 337 |
|
|
|a unmediated
|b n
|2 rdamedia
|
| 338 |
|
|
|a volume
|b nc
|2 rdacarrier
|
| 500 |
|
|
|a "An entirely rewritten version of an earlier work with the same title ... published in 1941."
|
| 504 |
|
|
|a Bibliography: pages 270-272.
|
| 651 |
|
0 |
|a Austria
|x History
|y 1789-1900.
|
| 651 |
|
0 |
|a Austria
|x History
|y 20th century.
|
| 999 |
|
|
|a MARS
|
| 999 |
f |
f |
|s 141ef791-02f8-31d0-a799-2bad7011ca0c
|i 31df9f52-62e8-3b4c-8be8-22c78c82ccc8
|t 0
|
| 952 |
f |
f |
|p normal
|a Texas A&M University
|b College Station
|c Sterling C. Evans Library
|s Evans stk
|d Evans: Library Stacks
|t 0
|e DB80 .T382
|h Library of Congress classification
|i unmediated -- volume
|m A14801948965
|
| 998 |
f |
f |
|a DB80 .T382
|t 0
|l Evans: Library Stacks
|